[Event "Mondiale Lampo FIDE 2019"]
[Site "Mosca"]
[Date "30.12.2019"]
[Round "21.92"]
[White "Tengis, Tsog-Ochir"]
[Black "Tissir, Mohamed"]
[Result "1-0"]
[WhiteTitle "FM"]
[BlackTitle "IM"]
[WhiteElo "2190"]
[BlackElo "2379"]
[WhiteFideId "4902718"]
[BlackFideId "9000240"]
[EventDate "2019.12.29"]

1. Nf3 Nf6 2. c4 g6 3. b3 Bg7 4. Bb2 O-O 5. g3 d6 6. Bg2 e5 7. O-O c5 8. e3 Nc6
9. d4 e4 10. Nfd2 Re8 11. Nc3 Bf5 12. Nd5 cxd4 13. Nxf6+ Bxf6 14. exd4 Nxd4 15.
Nxe4 Nf3+ 16. Qxf3 Bxb2 17. Rae1 Qa5 18. Re2 Bxe4 19. Rxe4 Be5 20. Qe2 Qb6 21.
Kh1 Rf8 22. f4 Bf6 23. Re1 a5 24. g4 a4 25. g5 Bg7 26. bxa4 Rxa4 27. c5 Rxe4 28.
cxb6 Rxe2 29. Rxe2 Bd4 30. f5 gxf5 31. Re7 Bxb6 32. Rxb7 Be3 33. h4 Rc8 34. Bd5
Rc2 35. Rxf7 Rd2 36. Be6 Kh8 37. Rf8+ Kg7 38. Rg8# 1-0

[Event "Mondiale Lampo FIDE 2019"]
[Site "Mosca"]
[Date "30.12.2019"]
[Round "21.93"]
[White "Krsnik Cohar, Ivan Vihor"]
[Black "Mesropov, Konstantin"]
[Result "1-0"]
[WhiteTitle "FM"]
[BlackTitle "IM"]
[WhiteElo "2313"]
[BlackElo "2422"]
[WhiteFideId "14520044"]
[BlackFideId "4116887"]
[EventDate "2019.12.29"]

1. c4 e6 2. d4 b6 3. g3 Bb7 4. Nf3 Bb4+ 5. Bd2 Bxf3 6. exf3 Bxd2+ 7. Qxd2 d5 8.
Bg2 Nf6 9. O-O O-O 10. b3 Nc6 11. f4 Ne7 12. Nc3 c6 13. Rac1 Rc8 14. Rfd1 g6 15.
f3 h5 16. h3 Kg7 17. Qe2 Qd6 18. Qe5 Rfd8 19. g4 Qxe5 20. fxe5 Nfg8 21. cxd5
Nxd5 22. Nxd5 cxd5 23. Bf1 Ne7 24. Ba6 Rxc1 25. Rxc1 Rd7 26. Kf2 g5 27. Ke3 Ng6
28. Bf1 h4 29. Bd3 Nf4 30. Bf1 f6 31. exf6+ Kxf6 32. Rc8 Re7 33. Rf8+ Kg7 34.
Ra8 e5 35. dxe5 Rxe5+ 36. Kd2 Re7 37. Rd8 Kf6 38. Rf8+ Rf7 39. Re8 Re7 40. Rf8+
Rf7 41. Re8 Re7 42. Rg8 Rc7 43. Rf8+ Rf7 44. Rd8 Ke5 45. Rg8 Kf6 46. Rd8 Re7 47.
a4 Ke5 48. Rg8 Kd4 49. Rxg5 Re3 50. Rg7 Rxf3 51. Bb5 Rxh3 52. Rxa7 Rh2+ 53. Ke1
h3 54. Rh7 Ke3 55. Kd1 d4 56. Re7+ Kf3 57. g5 Rh1+ 58. Kd2 Kg3 59. g6 Rg1 60. g7
Kf2 61. Rf7 Kf3 62. Bc6+ Kf2 63. Rxf4+ 1-0

[Event "Mondiale Lampo FIDE 2019"]
[Site "Mosca"]
[Date "30.12.2019"]
[Round "21.94"]
[White "Mikhailovsky, Vladimir"]
[Black "Faizrakhmanov, Ramil"]
[Result "0-1"]
[WhiteTitle "CM"]
[BlackTitle "IM"]
[WhiteElo "2209"]
[BlackElo "2434"]
[WhiteFideId "34105414"]
[BlackFideId "24103209"]
[EventDate "2019.12.29"]

1. e4 c6 2. Nc3 d5 3. Nf3 Bg4 4. h3 Bxf3 5. Qxf3 e6 6. g3 Bc5 7. Bg2 Ne7 8. O-O
O-O 9. b3 Bd4 10. Bb2 Nd7 11. Rad1 dxe4 12. Qxe4 Nf6 13. Qe2 h6 14. Ba3 Re8 15.
Ne4 Nxe4 16. Qxe4 Nf5 17. c3 Bf6 18. Qa4 a5 19. Qe4 a4 20. Bc5 axb3 21. axb3 Ra2
22. Be3 Nxe3 23. Qxe3 Bg5 24. f4 Bf6 25. d4 Qb6 26. b4 Rea8 27. Rd2 R8a3 28.
Rxa2 Rxa2 29. Kh2 Qb5 30. Rf2 Ra3 31. Bf1 Qd5 32. Rd2 Qb3 33. Rd3 Qc2+ 34. Bg2
Ra2 35. Qf3 h5 36. h4 g6 37. Kh3 Kg7 38. Re3 Ra3 39. Rd3 Rb3 40. Qe3 Kg8 41. Qf3
Be7 42. Re3 Qc1 43. Rd3 Rb2 44. Re3 Rb3 45. Rd3 Bd6 46. Qe2 Rxc3 47. Rxc3 Qxc3
48. b5 Bxf4 49. Qf2 Be3 50. Qf6 Bxd4 51. Qd8+ Kg7 52. bxc6 bxc6 53. Qg5 Bf6 54.
Qf4 Be5 55. Qf2 c5 56. Bc6 Qc1 57. Qg2 Qe3 58. Be8 c4 59. Kh2 c3 60. Ba4 Qd4 61.
Bc2 Qxh4+ 62. Kg1 Qxg3 0-1

[Event "Mondiale Lampo FIDE 2019"]
[Site "Mosca"]
[Date "30.12.2019"]
[Round "21.95"]
[White "Tsoi, Dmitry"]
[Black "Mamatov, Melis"]
[Result "1-0"]
[WhiteTitle "FM"]
[WhiteElo "2321"]
[BlackElo "2292"]
[WhiteFideId "24194697"]
[BlackFideId "13800027"]
[EventDate "2019.12.29"]

1. f4 d5 2. Nf3 Nf6 3. e3 c5 4. d4 Nc6 5. c3 Bf5 6. Ne5 Qc7 7. Bd3 Be4 8. O-O c4
9. Bxe4 Nxe4 10. Nd2 Nxd2 11. Bxd2 e6 12. e4 Be7 13. Qf3 Qd6 14. Nxc6 Qxc6 15.
Rae1 O-O-O 16. f5 Bd6 17. Qg4 Qd7 18. Qxg7 dxe4 19. fxe6 Qxe6 20. Qxf7 Rde8 21.
Rf6 Qxf7 22. Rxf7 Re6 23. Bf4 Bxf4 24. Rxf4 Rhe8 25. Kf2 R8e7 26. Ke3 Kc7 27.
Ref1 Rg6 28. g3 Rh6 29. R1f2 Rhe6 30. Rf7 Rxf7 31. Rxf7+ Kc6 32. Rxh7 Rf6 33.
Re7 Rf3+ 34. Ke2 1-0

[Event "Mondiale Lampo FIDE 2019"]
[Site "Mosca"]
[Date "30.12.2019"]
[Round "21.96"]
[White "Thing, Bibek"]
[Black "Gukesh, D"]
[Result "0-1"]
[WhiteTitle "CM"]
[BlackTitle "GM"]
[WhiteElo "2222"]
[BlackElo "2547"]
[WhiteFideId "12303135"]
[BlackFideId "46616543"]
[EventDate "2019.12.29"]

1. e4 c5 2. c3 Nf6 3. e5 Nd5 4. g3 Nc6 5. Bg2 e6 6. Nf3 d6 7. exd6 Bxd6 8. O-O
O-O 9. d4 Nf6 10. dxc5 Bxc5 11. Qc2 a5 12. Nbd2 e5 13. Ne4 Bf5 14. Nh4 Bxe4 15.
Bxe4 Nxe4 16. Qxe4 Qd7 17. Be3 Bxe3 18. Qxe3 Rad8 19. Qe2 Qe6 20. Qb5 e4 21.
Rfe1 f5 22. Qb3 Qxb3 23. axb3 b6 24. Rad1 Ne5 25. Rxd8 Rxd8 26. f4 Nd3 27. Re2
g6 28. Ng2 Nc1 29. Re1 Nxb3 30. Ne3 b5 31. Re2 a4 32. Kf2 Nc1 33. Rc2 Nd3+ 34.
Ke2 Kf7 35. Nd1 Ke6 36. Ne3 h6 37. Rd2 g5 38. fxg5 hxg5 39. Nc2 f4 40. Nd4+ Kf6
41. Nxb5 f3+ 42. Ke3 f2 43. Ke2 Nc1+ 0-1

[Event "Mondiale Lampo FIDE 2019"]
[Site "Mosca"]
[Date "30.12.2019"]
[Round "21.97"]
[White "Potapov, Pavel"]
[Black "Al Ghamdi, Ahmed M"]
[Result "1-0"]
[WhiteTitle "GM"]
[BlackTitle "CM"]
[WhiteElo "2482"]
[BlackElo "2107"]
[WhiteFideId "4169786"]
[BlackFideId "21500150"]
[EventDate "2019.12.29"]

1. e4 e5 2. Nf3 Nc6 3. Bc4 Nf6 4. d3 Be7 5. O-O d6 6. c3 O-O 7. h3 Kh8 8. a4 Ng8
9. a5 a6 10. Re1 f5 11. exf5 Bxf5 12. Bb3 Qd7 13. Qe2 Rae8 14. Nbd2 h6 15. Nf1
Nf6 16. Ng3 Bh7 17. Bd2 Bd8 18. Bc2 d5 19. b4 e4 20. dxe4 Nxe4 21. Nxe4 Bxe4 22.
Bxe4 Rxe4 23. Qd3 Qe6 24. b5 Ne5 25. Nxe5 Qxe5 26. bxa6 bxa6 27. Rxe4 dxe4 28.
Qxa6 Bh4 29. Rf1 Qd5 30. Be3 Ra8 31. Qe2 Rxa5 32. Rd1 Qe6 33. Qb2 Rd5 34. Ra1 c6
35. Bd4 Bf6 36. Bxf6 Qxf6 37. Re1 Rc5 38. Re3 Qe5 39. g3 Rd5 40. Qe2 Rc5 41. c4
Qa1+ 42. Kg2 Qf6 43. Rxe4 Rf5 44. Re8+ Kh7 45. Qe4 Qg6 46. Re6 Rf6 47. Qxg6+
Kxg6 48. Rxf6+ Kxf6 49. Kf3 Ke5 50. Ke3 h5 51. f4+ Kf5 52. Kf3 c5 53. g4+ Ke6
54. Ke4 g6 55. f5+ gxf5+ 56. gxf5+ 1-0

[Event "Mondiale Lampo FIDE 2019"]
[Site "Mosca"]
[Date "30.12.2019"]
[Round "21.98"]
[White "Usov, Aleksandr E."]
[Black "Yagupov, Igor"]
[Result "0-1"]
[BlackTitle "GM"]
[WhiteElo "2012"]
[BlackElo "2357"]
[WhiteFideId "24257109"]
[BlackFideId "4113632"]
[EventDate "2019.12.29"]

1. e4 c5 2. Nf3 e6 3. c3 Nf6 4. e5 Nd5 5. d4 cxd4 6. cxd4 d6 7. Nc3 Nxc3 8. bxc3
Qc7 9. Bd2 Nd7 10. exd6 Bxd6 11. Bd3 b6 12. a4 Bb7 13. a5 O-O 14. a6 Bc6 15. O-O
Bxf3 16. Qxf3 Bxh2+ 17. Kh1 Bd6 18. g3 Rfe8 19. Kg2 Nf8 20. Rh1 f5 21. Rhe1 Rad8
22. Bb5 Nd7 23. Bg5 Rc8 24. Bd2 Re7 25. Re2 Nf6 26. Rae1 Ne4 27. Rxe4 fxe4 28.
Rxe4 Rf8 29. Qe2 h6 30. f4 Rf6 31. Qd3 Qc8 32. Bc4 Kh8 33. Bb5 Qa8 34. Kh2 Qd5
35. c4 Qh5+ 36. Kg2 Qg4 37. Qe2 Qxe2+ 38. Rxe2 Rc7 39. Bc3 Rg6 40. Kf3 Kg8 41.
Bb2 Kf8 42. Re1 h5 43. Rh1 Rh6 44. Bc1 Rh8 45. Ke4 Kf7 46. Be3 g6 47. g4 Kg8 48.
g5 Kf7 49. Rh4 Rhc8 50. Kd3 Rd8 51. Ke4 Bb4 52. Rh1 Rh8 53. Rh4 Be1 54. Rh1 Bg3
55. Kf3 h4 56. Rd1 Rhc8 57. Rh1 Rxc4 58. Bxc4 Rxc4 59. Ra1 Ke7 60. d5 Rc3 61.
Ke2 Rc8 62. dxe6 Kxe6 63. Kf3 Rc3 64. Ke4 Rc4+ 65. Kd3 Rc8 66. Ke4 h3 67. Rh1 h2
68. Kf3 Rc3 69. Ke4 Ra3 70. Bd4 Ra4 71. Kf3 Bxf4 72. Bxb6 axb6 73. a7 Be5 0-1

[Event "Mondiale Lampo FIDE 2019"]
[Site "Mosca"]
[Date "30.12.2019"]
[Round "21.99"]
[White "Miranda Neto, Jayme Amorim"]
[Black "Pogosyan, Stefan"]
[Result "0-1"]
[WhiteTitle "CM"]
[BlackTitle "IM"]
[WhiteElo "2102"]
[BlackElo "2459"]
[WhiteFideId "2115964"]
[BlackFideId "34159867"]
[EventDate "2019.12.29"]

1. d4 f5 2. g3 Nf6 3. Bg2 g6 4. Nf3 Bg7 5. O-O O-O 6. c3 d6 7. Nbd2 Nc6 8. Qc2
e5 9. dxe5 dxe5 10. e4 f4 11. Nc4 Nh5 12. a4 Be6 13. b3 Qf6 14. Ba3 Rfd8 15.
Rad1 g5 16. Rxd8+ Rxd8 17. Rd1 Re8 18. Bc1 Rf8 19. Rf1 g4 20. Nh4 f3 21. Bh1 Nf4
22. Bxf4 exf4 23. Nd2 Qxc3 24. Qa2 Nd4 0-1

[Event "Mondiale Lampo FIDE 2019"]
[Site "Mosca"]
[Date "30.12.2019"]
[Round "21.100"]
[White "Makarian, Rudik"]
[Black "Al Nhier, Hamoud"]
[Result "1-0"]
[WhiteTitle "IM"]
[BlackTitle "FM"]
[WhiteElo "2397"]
[BlackElo "1934"]
[WhiteFideId "44105681"]
[BlackFideId "21500045"]
[EventDate "2019.12.29"]

1. e4 Nc6 2. Nf3 e5 3. Bc4 Nf6 4. d3 Bc5 5. Nbd2 a6 6. c3 Ba7 7. O-O d6 8. h3
O-O 9. Re1 Re8 10. a4 b5 11. Ba2 Be6 12. Bxe6 Rxe6 13. Nf1 d5 14. exd5 Qxd5 15.
Be3 Rd8 16. axb5 Qxb5 17. Bxa7 Nxa7 18. d4 e4 19. N3d2 Qxb2 20. Qb3 Rb8 21. Qxb2
Rxb2 22. f3 exf3 23. Rxe6 f2+ 24. Kxf2 fxe6 25. Rxa6 Nb5 26. Ke3 Nd5+ 27. Kd3
Nbxc3 28. Rxe6 Rb8 29. Re1 Nb5 30. g3 Nd6 31. Ne3 Nf6 32. g4 h6 33. Rc1 Rb7 34.
Rc5 Ra7 35. Nec4 Kf7 36. Nf3 Nde4 37. Nfe5+ Kg8 38. Rc6 Rb7 39. Kc2 Ra7 40. Kb3
Rb7+ 41. Kc2 Ra7 42. Re6 Ra2+ 43. Kb3 Rh2 44. Re7 c5 45. Nd6 Rxh3+ 46. Kc4 Nxd6+
47. Kxc5 Nde4+ 48. Kc6 Nxg4 49. Re8+ 1-0

[Event "Mondiale Lampo FIDE 2019"]
[Site "Mosca"]
[Date "30.12.2019"]
[Round "21.101"]
[White "Luukkonen, Tommi"]
[Black "Masrahi, Abdulrahman A"]
[Result "1-0"]
[WhiteTitle "FM"]
[BlackTitle "CM"]
[WhiteElo "2290"]
[BlackElo "1956"]
[WhiteFideId "501808"]
[BlackFideId "21501564"]
[EventDate "2019.12.29"]

1. e4 e5 2. Nf3 Nc6 3. Bc4 Bc5 4. c3 Nf6 5. d3 a6 6. O-O d6 7. Bg5 Ba7 8. a4 h6
9. Bh4 g5 10. Bg3 h5 11. h4 Bg4 12. Nbd2 Qe7 13. hxg5 h4 14. gxf6 Qxf6 15. Bh2
O-O-O 16. b4 Rdg8 17. Kh1 Qg7 18. Rg1 Bxf2 19. b5 Na5 20. bxa6 b6 21. Bd5 Kb8
22. Rb1 Ka7 23. Qf1 Bg3 24. d4 Bc8 25. Nc4 Bxa6 26. Rb5 Bxb5 27. axb5 Bxh2 28.
Nxh2 Qg3 29. Nxa5 bxa5 30. Qc4 1-0

[Event "Mondiale Lampo FIDE 2019"]
[Site "Mosca"]
[Date "30.12.2019"]
[Round "21.102"]
[White "Al Mutairi, Hassan S"]
[Black "Mozharov, Mikhail"]
[Result "1/2-1/2"]
[WhiteTitle "CM"]
[BlackTitle "GM"]
[WhiteElo "1883"]
[BlackElo "2558"]
[WhiteFideId "21500193"]
[BlackFideId "4189825"]
[EventDate "2019.12.29"]

1. e4 c5 2. d4 cxd4 3. c3 dxc3 4. Nxc3 Nc6 5. Nf3 e6 6. Bc4 a6 7. O-O Nge7 8.
Bg5 f6 9. Be3 b5 10. Bb3 Na5 11. Nd5 Nxb3 12. Bb6 exd5 13. Bxd8 Nxa1 14. Bxe7
Bxe7 15. Qxd5 Rb8 16. Rxa1 Bb7 17. Qb3 Rc8 18. e5 Bxf3 19. exf6 Bxf6 20. Re1+
Kd8 21. gxf3 Rc6 22. Qf7 Kc7 23. Rd1 Rd8 24. b3 h6 25. a4 Bc3 26. axb5 axb5 27.
Qd5 b4 28. Qa5+ Rb6 29. Rd5 Rb8 30. Rb5 Kc6 31. Rc5+ Kd6 32. Rd5+ Ke6 33. Rd3
Kf7 34. Rxd7+ Kg8 35. Qd5+ Kh7 36. Qf5+ Rg6+ 37. Kf1 Rb6 38. h4 Rf6 39. Qd3 Re6
40. Qb1 h5 41. Rd5 Kg8 42. Rxh5 Re1+ 43. Qxe1 Bxe1 44. Kxe1 Rg1+ 45. Ke2 Rb1 46.
Rb5 Rxb3 47. f4 Kf7 48. f3 Kf6 49. Kf2 Rb1 50. Kg3 b3 51. Rb6+ Kf5 52. Rb5+ Kf6
53. Rb6+ Ke7 54. Rb7+ Kf6 55. Rb6+ Kf5 56. Rb5+ Ke6 57. Rb6+ Kd5 58. Kg4 Kc4 59.
Kf5 b2 60. Rb7 Kc3 61. Rc7+ Kd2 62. Rd7+ Ke3 63. Rb7 Kxf3 64. h5 Ke3 65. Re7+
Kd4 66. Rb7 1/2-1/2

[Event "Mondiale Lampo FIDE 2019"]
[Site "Mosca"]
[Date "30.12.2019"]
[Round "21.103"]
[White "Al Thebaiti, Ahmed M"]
[Black "Guliyev, Namig"]
[Result "0-1"]
[WhiteTitle "CM"]
[BlackTitle "GM"]
[WhiteElo "1976"]
[BlackElo "2548"]
[WhiteFideId "21502390"]
[BlackFideId "13400363"]
[EventDate "2019.12.29"]

1. d4 d5 2. Bf4 c5 3. e3 cxd4 4. exd4 Nc6 5. Nf3 Bf5 6. c3 Qd7 7. Nbd2 f6 8. Bb5
g5 9. Bg3 h5 10. h4 g4 11. Ng1 e6 12. Ne2 Nh6 13. Qa4 a6 14. Bxc6 Qxc6 15. Qxc6+
bxc6 16. Nb3 a5 17. a4 Nf7 18. Nc5 e5 19. O-O Rb8 20. Ra2 Bxc5 21. dxc5 Bd3 22.
Re1 Bc4 23. Raa1 Rxb2 24. Nd4 Kd7 25. Nf5 Bd3 26. Ne3 Rhb8 27. f3 gxf3 28. gxf3
Rg8 0-1